No Impact Man : The Adventures of a Guilty Liberal Who Attempts to Save the Planet and the Discoveries He Makes about Himself and Our Way of Life in the Process /

Guardat en:
Dades bibliogràfiques
Autor principal: Beavan, Colin (autor)
Format: Llibre
Idioma:anglès
Publicat: Nueva York, EUA : Picador, 2009, c2009
Matèries:
Etiquetes: Afegir etiqueta
Sense etiquetes, Sigues el primer a etiquetar aquest registre!

MARC

LEADER 00000nam^a2200000^a^4500
001 000316168
005 20250521000000.0
009 20260310113306.157
020 |a 978-0-312-42983-6 
037 |a Acervo ITESO - Biblioteca 
041 |a ING 
082 |a 333. 7  |b BEA 
100 |a Beavan, Colin  |e (autor) 
245 1 0 |a No Impact Man :  |b The Adventures of a Guilty Liberal Who Attempts to Save the Planet and the Discoveries He Makes about Himself and Our Way of Life in the Process /  |c C. Beavan. 
264 4 |a Nueva York, EUA :  |b Picador,  |c 2009, c2009 
300 |a 276 p. 
336 |a texto  |b txt  |2 rdacontenido 
337 |a sin mediación  |b n  |2 rdamedio 
338 |a volumen  |b nc  |2 rdasoporte 
649 |a XX 
650 |a Impacto Ambiental -  |z Nueva York, EUA 
650 |a Impacto Ambiental -  |x Tema Principal 
650 |a Desarrollo Sustentable -  |x Tema Principal 
650 |a Conservación y Protección Ambiental 
650 |a Participación Social 
650 |a Ecología Social 
650 |a Economía Familiar 
910 |a Fondo General 
920 |a Impresos - Libros 
930 |a Colección General 
905 |a 101 
901 |a 0500202782  |b IT1  |c ACC  |i C129874  |u 20250521 
902 |a https://opac.biblio.iteso.mx/vufind/Record/000316168